[Event "HUN-chT2 Barcza 1718"]
[Site "Hungary"]
[Date "2017.10.29"]
[Round "3.5"]
[White "Baloha, Mykhailo"]
[Black "Burinda, Gabor Jr"]
[Result "1-0"]
[WhiteElo "2173"]
[BlackElo "1937"]
[PlyCount "45"]
[EventDate "2017.09.24"]
[EventType "team-tourn"]
[EventRounds "11"]
[EventCountry "HUN"]
[SourceTitle "EXT 2021"]
[Source "ChessBase"]
[SourceDate "2020.10.23"]
[SourceVersion "1"]
[SourceVersionDate "2020.10.23"]
[SourceQuality "1"]
[WhiteTeam "Szirmabesenyo"]
[BlackTeam "Kazincbarcika"]
[WhiteTeamCountry "HUN"]
[BlackTeamCountry "HUN"]

1. e4 c6 2. Nc3 d5 3. Nf3 dxe4 4. Nxe4 Bf5 5. Ng3 Bg6 6. h4 h6 7. Ne5 Bh7 8. Qh5 g6 9. Qf3 Nf6 10. Qb3 e6 11. Qxb7 Nbd7 12. Qxc6 Rc8 13. Qa4 Bd6 14. Nxd7 Nxd7 15. Ne4 Be7 16. Bb5 Rc7 17. d3 f5 18. Qd4 0-0 19. Bxh6 Rf7 20. Ng5 Bxg5 21. Bxg5 Qc8 22. Bc4 Nf8 23. 0-0-0 1-0

[Event "HUN-chT2 Barcza 1516"]
[Site "Hungary"]
[Date "2015.10.18"]
[Round "3.10"]
[White "Burinda, Gabor Jr"]
[Black "Nagy, Sandor I"]
[Result "0-1"]
[WhiteElo "1949"]
[BlackElo "2105"]
[PlyCount "68"]
[EventDate "2015.09.13"]
[EventType "team-tourn"]
[EventRounds "11"]
[EventCountry "HUN"]
[SourceTitle "CBM 170 Extra"]
[Source "ChessBase"]
[SourceDate "2016.02.25"]
[SourceVersion "1"]
[SourceVersionDate "2016.02.25"]
[SourceQuality "1"]
[WhiteTeam "Kazincbarcika"]
[BlackTeam "Kwizda Sakkiskola"]
[WhiteTeamCountry "HUN"]
[BlackTeamCountry "HUN"]

1. d4 Nf6 2. f4 d5 3. c4 e6 4. c5 Be7 5. Nc3 0-0 6. Bd2 Nc6 7. e3 b6 8. Bb5 Bd7 9. Qa4 Qe8 10. b4 a5 11. Bxc6 Bxc6 12. b5 Bb7 13. c6 Bc8 14. Nf3 Bb4 15. Qc2 Qe7 16. a4 Bxc3 17. Bxc3 Ne4 18. Bb2 Re8 19. Ba3 Qd8 20. 0-0 Qf6 21. Rae1 Qf5 22. Nh4 Qh5 23. g3 f6 24. Ng2 Qg4 25. f5 exf5 26. Rf4 Qh5 27. Ref1 g5 28. R4f3 Be6 29. Ne1 Kf7 30. Nd3 Qg6 31. Nf2 g4 32. Rf4 Ng5 33. Nxg4 Nh3+ 34. Kh1 Nxf4 0-1